000 00350cam a22001097a 4500
008 180718b1961 xxu||||| |||| 00| 0 eng d
082 _aJ7803x5453 K45/1961
245 _aTrivandrum city improvement act, 1960 (act 1 0f 1961)
260 _a
_bThe Governement Press
_c1961
300 _a62p
650 _aMunicipal Improvement - India - Kerala - Legislation
999 _c416492
_d416492